Random Knowledge Quiz #25 - Statistics

General Stats
  • This quiz has been taken 156 times
  • The average score is 10 of 20
Answer Stats
Question Answer % Correct
What is both an animal and a woman who likes to date people that are younger than them? Cougar
74%
What has 27 members (2023), and is called Европейски съюз in Bulgarian, Ευρωπαϊκή Ένωση in Greek, An tAontas Eorpach in Irish, and Unjoni Ewropea in Maltese? European Union
73%
Anne Boleyn
70%
Anne of Cleves
67%
What is removed if a doctor does a hysterectomy? Womb
59%
Kateryn Parr
58%
Name the wives of Henry the VIII. Katherine of Aragon
58%
What is an appetizer or snack called in Spanish cuisine? Tapas
58%
Catherine Howard
56%
Before converting to Euro, what was the currency of Germany and Finland? Mark (Deutsche Mark and Finnish markka)
56%
What breed is Lassie? Rough Collie
55%
Which living author has the most book-to-film adaptations? Stephen King
49%
Jane Seymour
45%
Where is it illegal not to flush a public toilet? Singapore
39%
Finish these lyrics: Tale as old as time / Song as old as rhyme / ... Beauty and the beast
35%
After mortgage, what is the second biggest source of personal debt in the USA? Student loans
35%
How many times did the Wright brothers fly together on the same flight? Once
33%
An adult human has 206 bones, but how many do we have when we're born? 300
24%
In terms of total operating length, what is the largest railway network in the world? The U.S. rail system
22%
Who holds the record for longest TV Career for an entertainer? Betty White
8%
No matching quizzes found
Score Distribution
Percent of People with Each Score
Percentile by Number Answered
Your Score History
You have not taken this quiz